000
00205nam a2200085Ia 4500
008
120527s9999 xx 000 0 und d
100
_a
HANN, S.K
245
_a
Cassava as livestock feed in Africa
942
_c
BK
999
_c
25234
_d
25234